| 000 | 00506 a2200169 4500 | ||
|---|---|---|---|
| 020 | _a0072322063 | ||
| 040 | _aDLC | ||
| 082 | 0 | 0 | _a005.74 |
| 100 | 1 | _aRamakrishnan, Raghu. | |
| 245 | 1 | 0 |
_aDatabase management systems _cRaghu Ramakrishnan, Johannes Gehrke. |
| 250 | _a2nd ed. | ||
| 260 |
_aBoston : _bMcGraw-Hill, _cc2000. |
||
| 300 |
_axxix, 906 p. : _bill. ; _c24 cm. + _e2 computer optical discs (4 3/4 in.) |
||
| 650 | 0 | _aDatabase management. | |
| 700 | 1 | _aGehrke, Johannes. | |
| 942 |
_cBK _k005.74 RAM _2ddc |
||
| 999 |
_c4350 _d4350 |
||